[Event "Reykjavik Open 2010"]
[Site "Reykjavik City Hall"]
[Date "2010.02.28"]
[Round "6.22"]
[White "Thorsteinsson, Thorsteinn"]
[Black "Thorfinnsson, Bjorn"]
[Result "1-0"]
[WhiteElo "2278"]
[BlackElo "2383"]
[PlyCount "61"]
[EventDate "2010.02.24"]

1. c4 Nf6 2. Nc3 c5 3. g3 g6 4. Bg2 Bg7 5. d3 Nc6 6. e4 a6 7. Nge2 Rb8 8. a4 d6
9. h3 Bd7 10. O-O h5 11. f4 Qc8 12. Kh2 Nd4 13. Nxd4 cxd4 14. Nd5 e6 15. Nxf6+
Bxf6 16. Bd2 b5 17. cxb5 axb5 18. a5 b4 19. a6 Be7 20. Qb3 Rb6 21. a7 Qa8 22.
f5 Rb7 23. fxg6 Rxa7 24. gxf7+ Kf8 25. Rxa7 Qxa7 26. Bxb4 h4 27. e5 hxg3+ 28.
Kxg3 Kg7 29. Qa3 Qb8 30. Bxd6 Qb5 31. f8=Q+ 1-0

[Event "Reykjavik Open 2010"]
[Site "Reykjavik City Hall"]
[Date "2010.02.28"]
[Round "6.24"]
[White "Sareen, Vishal"]
[Black "Ocantos, Manuel"]
[Result "1-0"]
[WhiteElo "2364"]
[BlackElo "2158"]
[PlyCount "69"]
[EventDate "2010.02.24"]

1. e4 c5 2. Nf3 d6 3. d4 cxd4 4. Nxd4 Nf6 5. Nc3 g6 6. f4 Nfd7 7. Nb3 Bg7 8.
Be2 O-O 9. O-O Nc6 10. Be3 b6 11. Qe1 Bb7 12. Rd1 Rc8 13. Qh4 Nb4 14. Bd3 Bxc3
15. bxc3 Nxa2 16. f5 Nxc3 17. Ra1 a5 18. Bh6 d5 19. Bxf8 Qxf8 20. exd5 Ne5 21.
d6 exd6 22. f6 h5 23. Qg5 a4 24. Nd4 Rc5 25. Qd2 b5 26. Rae1 Kh7 27. Rxe5 dxe5
28. Bxg6+ Kxg6 29. Nf5 e4 30. Qf2 Bc8 31. Ne7+ Kh7 32. Qxc5 Ne2+ 33. Kf2 Bg4
34. h3 Qh6 35. hxg4 1-0

[Event "Reykjavik Open 2010"]
[Site "Reykjavik City Hall"]
[Date "2010.02.28"]
[Round "6.25"]
[White "Player, Edmund C"]
[Black "Zaremba, Andrie"]
[Result "1/2-1/2"]
[WhiteElo "2156"]
[BlackElo "2360"]
[PlyCount "61"]
[EventDate "2010.02.24"]

1. e4 c6 2. d4 d5 3. Nc3 dxe4 4. Nxe4 Bf5 5. Ng3 Bg6 6. Nf3 Nd7 7. h4 h6 8. h5
Bh7 9. Bd3 Bxd3 10. Qxd3 Ngf6 11. Bd2 e6 12. O-O-O Bd6 13. Ne4 Nxe4 14. Qxe4
Nf6 15. Qe2 Qc7 16. Kb1 O-O-O 17. Rh4 Kb8 18. Ne5 Bxe5 19. dxe5 Nd5 20. Rg4
Rhg8 21. Rg3 c5 22. c4 Ne7 23. Bc3 Rxd1+ 24. Qxd1 Rd8 25. Rd3 Kc8 26. Kc2 Rd7
27. Rxd7 Qxd7 28. Qd6 b6 29. g4 g6 30. Qxd7+ Kxd7 31. Kd3 1/2-1/2

[Event "Reykjavik Open 2010"]
[Site "Reykjavik City Hall"]
[Date "2010.02.28"]
[Round "6.27"]
[White "Ingvason, Johann"]
[Black "Westerinen, Heikki M J"]
[Result "0-1"]
[WhiteElo "2132"]
[BlackElo "2333"]
[PlyCount "92"]
[EventDate "2010.02.24"]

1. e4 e6 2. d4 d5 3. Nc3 Bb4 4. e5 c5 5. a3 Bxc3+ 6. bxc3 Nc6 7. Nf3 Qa5 8. Bd2
c4 9. Be2 Bd7 10. O-O O-O-O 11. a4 f5 12. Qc1 h6 13. Qa3 g5 14. Rfb1 Be8 15.
Rb5 Qc7 16. Rab1 b6 17. Qa2 Na5 18. R5b4 Ne7 19. Bc1 Nec6 20. Rb5 Nb8 21. Rxa5
bxa5 22. Ba3 Na6 23. Bd6 Qc6 24. Rb5 Rh7 25. g4 Rb7 26. gxf5 exf5 27. Rxa5 Qb6
28. Rb5 Bxb5 29. axb5 Qxb5 30. Nd2 Nc7 31. Bh5 Qb2 32. Qa5 Qxc2 33. Nf1 Nb5 34.
Bb4 Qe4 35. Qa6 Kb8 36. Qf6 Rc8 37. Bg6 Qg4+ 38. Ng3 Rb6 39. Qf7 Nxd4 40. cxd4
Rxb4 41. Bxf5 Qf3 42. Qd7 Rc7 43. Qd6 Rb3 44. e6 Rb2 45. Nh1 Qxf5 46. e7 Qb1+
0-1

[Event "Reykjavik Open 2010"]
[Site "Reykjavik City Hall"]
[Date "2010.02.28"]
[Round "6.28"]
[White "Tozer, Philip"]
[Black "Johannesson, Ingvar Thor"]
[Result "1/2-1/2"]
[WhiteElo "2119"]
[BlackElo "2330"]
[PlyCount "36"]
[EventDate "2010.02.24"]

1. c4 Nf6 2. g3 g6 3. Nc3 Bg7 4. Bg2 c5 5. a3 Nc6 6. Rb1 a5 7. Nh3 O-O 8. Nf4
d6 9. O-O Bd7 10. d3 Ne8 11. Bd2 Nc7 12. Nb5 Nxb5 13. cxb5 Nd4 14. a4 Rb8 15.
e3 Nf5 16. Bc3 e6 17. Bxg7 Kxg7 18. Ne2 Qf6 1/2-1/2

[Event "Reykjavik Open 2010"]
[Site "Reykjavik City Hall"]
[Date "2010.02.28"]
[Round "6.30"]
[White "Thompson, Ian D"]
[Black "Guttulsrud, Odd Martin"]
[Result "1-0"]
[WhiteElo "2266"]
[BlackElo "2061"]
[PlyCount "97"]
[EventDate "2010.02.24"]

1. Nf3 Nf6 2. c4 g6 3. Nc3 Bg7 4. g3 O-O 5. Bg2 d6 6. O-O c5 7. d3 Nc6 8. Bg5
h6 9. Bd2 Rb8 10. Qc1 Kh7 11. Rb1 Bd7 12. a3 a5 13. b3 Ne8 14. e3 Nc7 15. Ne2
e5 16. Ne1 b6 17. Nc2 Ne7 18. b4 axb4 19. axb4 Bc6 20. e4 Ne6 21. Ne3 f5 22.
Nd5 fxe4 23. dxe4 Nd4 24. Nxd4 cxd4 25. b5 Nxd5 26. cxd5 Bd7 27. Qb2 Rc8 28.
Rfc1 Rc5 29. Bb4 h5 30. Bxc5 dxc5 31. Qc2 Bh6 32. Rf1 Qe8 33. Qd3 h4 34. h3
hxg3 35. fxg3 Be3+ 36. Kh2 Rh8 37. Rf3 Bg5 38. h4 Kg7 39. Bh3 Bxh3 40. Kxh3
Qd7+ 41. Kg2 Bxh4 42. Rh1 Bg5 43. Rxh8 Kxh8 44. Qa3 Kg7 45. Qa8 Be7 46. Qc6 Qd8
47. Qe6 Bf6 48. d6 c4 49. d7 1-0

[Event "Reykjavik Open 2010"]
[Site "Reykjavik City Hall"]
[Date "2010.02.28"]
[Round "6.31"]
[White "Bjarnason, Saevar"]
[Black "Benediktsson, Frimann"]
[Result "1/2-1/2"]
[WhiteElo "2164"]
[BlackElo "1930"]
[PlyCount "81"]
[EventDate "2010.02.24"]

1. e4 c6 2. d4 d5 3. exd5 cxd5 4. c4 Nf6 5. Nc3 e6 6. Nf3 Be7 7. Bd3 O-O 8. Bg5
dxc4 9. Bxc4 Nbd7 10. O-O Nb6 11. Bb3 Nbd5 12. Re1 Nxc3 13. bxc3 Nd5 14. Bd2
Bf6 15. Qe2 Qc7 16. Rac1 Bd7 17. Bc2 g6 18. c4 Nb6 19. Bb3 a5 20. a3 Rfe8 21.
h4 Bc6 22. Be3 Bxf3 23. Qxf3 Bg7 24. h5 a4 25. Ba2 Nd7 26. hxg6 hxg6 27. c5 Nb8
28. d5 exd5 29. Bf4 Qd7 30. Bxd5 Nc6 31. Bd6 Rac8 32. Red1 Nd4 33. Rxd4 Bxd4
34. Bxb7 Qxd6 35. cxd6 Rxc1+ 36. Kh2 Be5+ 37. g3 Bxd6 38. Bc6 Ree1 39. Bxa4
Rh1+ 40. Qxh1 Rxh1+ 41. Kxh1 1/2-1/2

[Event "Reykjavik Open 2010"]
[Site "Reykjavik City Hall"]
[Date "2010.02.28"]
[Round "6.32"]
[White "Flaata, Alexander R"]
[Black "Halldorsson, Gudmundur"]
[Result "0-1"]
[WhiteElo "2069"]
[BlackElo "2197"]
[PlyCount "88"]
[EventDate "2010.02.24"]

1. e4 e6 2. d3 d5 3. Nd2 c5 4. Ngf3 Nc6 5. g3 g6 6. Bg2 Bg7 7. O-O Nge7 8. Rb1
O-O 9. Nh4 g5 10. Nhf3 Ng6 11. a3 b5 12. c4 bxc4 13. dxc4 g4 14. Ne1 dxc4 15.
Qa4 Nce5 16. Nxc4 Nxc4 17. Qxc4 Ne5 18. Qxc5 Ba6 19. Bf4 Qb6 20. Qe7 Qd8 21.
Qc5 Qf6 22. b4 Bxf1 23. Bxf1 Rfc8 24. Qe3 Rc3 25. Qe2 Nf3+ 26. Nxf3 gxf3 27.
Qa6 Qd4 28. Re1 Qb6 29. a4 Bd4 30. Qxb6 axb6 31. Rd1 e5 32. Bd2 Rc2 33. Bd3 Rb2
34. a5 bxa5 35. bxa5 Rd8 36. Be1 Bc5 37. Kf1 Rb3 38. Rc1 Rdxd3 39. Rxc5 Rb1 40.
Rd5 Rd4 41. Rxd4 exd4 42. a6 Ra1 43. a7 Rxa7 44. Bb4 Ra1+ 0-1

[Event "Reykjavik Open 2010"]
[Site "Reykjavik City Hall"]
[Date "2010.02.28"]
[Round "6.33"]
[White "Scholzen, Wolfgang"]
[Black "Halldorsson, Jon Arni"]
[Result "1-0"]
[WhiteElo "2040"]
[BlackElo "2189"]
[PlyCount "67"]
[EventDate "2010.02.24"]

1. e4 e6 2. d4 d5 3. Nc3 Bb4 4. e5 c5 5. a3 Bxc3+ 6. bxc3 Qc7 7. Qg4 f5 8. Qg3
cxd4 9. cxd4 Ne7 10. Bd2 O-O 11. Bd3 b6 12. Ne2 Ba6 13. Bxa6 Nxa6 14. Nf4 Qd7
15. h4 Rac8 16. c3 Rc4 17. h5 Kh8 18. Qh4 Rf7 19. Rh3 Nb8 20. Rg3 Nbc6 21. Ke2
Na5 22. Rb1 Ra4 23. Rg6 Kg8 24. Rxe6 Nc4 25. Bc1 Nc6 26. h6 N6xe5 27. Rxe5 Nxe5
28. dxe5 Re4+ 29. Be3 Rxe5 30. hxg7 Qa4 31. Kf1 Qe4 32. Rb4 Qc2 33. Qd8+ Kxg7
34. Nh5+ 1-0

[Event "Reykjavik Open 2010"]
[Site "Reykjavik City Hall"]
[Date "2010.02.28"]
[Round "6.34"]
[White "Thorgeirsson, Sverrir"]
[Black "Thorsteinsson, Erlingur"]
[Result "1-0"]
[WhiteElo "2176"]
[BlackElo "2123"]
[PlyCount "51"]
[EventDate "2010.02.24"]

1. e4 e6 2. d4 d5 3. Nd2 dxe4 4. Nxe4 Bd7 5. Nf3 Bc6 6. Bd3 Nd7 7. c3 Be7 8.
Bd2 b6 9. Qe2 Ngf6 10. Nxf6+ Bxf6 11. O-O-O Qe7 12. Ba6 O-O 13. Bf4 Bxf3 14.
Qxf3 Bg5 15. Kb1 Bxf4 16. Qxf4 Nf6 17. Rhe1 Nd5 18. Qe4 Rad8 19. Bd3 Nf6 20.
Qh4 c5 21. Bxh7+ Kh8 22. Bc2+ Kg8 23. Re3 Rd5 24. Bh7+ Kh8 25. Bf5+ Kg8 26. Rh3
1-0

[Event "Reykjavik Open 2010"]
[Site "Reykjavik City Hall"]
[Date "2010.02.28"]
[Round "6.35"]
[White "Kleinert, Juergen"]
[Black "Ni, Viktorija"]
[Result "1-0"]
[WhiteElo "2004"]
[BlackElo "2162"]
[PlyCount "71"]
[EventDate "2010.02.24"]

1. e4 g6 2. d4 Bg7 3. Nc3 c6 4. h4 d5 5. Be3 dxe4 6. Nxe4 Nf6 7. Bd3 Ng4 8. Nf3
Nxe3 9. fxe3 Bg4 10. Nf2 h5 11. Nxg4 hxg4 12. Ng5 Qd7 13. Bc4 Bf6 14. Kd2 Bxg5
15. hxg5 Rf8 16. Rh4 b5 17. Bb3 c5 18. c3 Nc6 19. Qxg4 O-O-O 20. Rf1 e6 21. Kc1
c4 22. Bd1 b4 23. Rh7 bxc3 24. bxc3 Qe7 25. Qf3 Qa3+ 26. Kd2 Ne5 27. Qe4 Rd5
28. Bc2 Kc7 29. Rb1 Qxa2 30. Rhh1 Qa6 31. Ra1 Qc6 32. Rxa7+ Kd6 33. Rha1 Rb8
34. Qf4 Rb2 35. Kc1 Qb5 36. R1a6+ 1-0

[Event "Reykjavik Open 2010"]
[Site "Reykjavik City Hall"]
[Date "2010.02.28"]
[Round "6.36"]
[White "Hjartarson, Bjarni"]
[Black "Johnsen, Sylvia"]
[Result "0-1"]
[WhiteElo "2162"]
[BlackElo "2032"]
[PlyCount "86"]
[EventDate "2010.02.24"]

1. e4 e5 2. Nf3 Nc6 3. d4 exd4 4. Bc4 Nf6 5. e5 d5 6. Bb5 Ne4 7. Nxd4 Bd7 8.
Bxc6 bxc6 9. O-O Bc5 10. Be3 Bb6 11. f3 Ng5 12. f4 Ne4 13. c3 f5 14. Rf3 O-O
15. Rh3 Qe8 16. Nc2 Be6 17. b4 a5 18. Bxb6 cxb6 19. bxa5 Rxa5 20. Nd4 c5 21.
Nxe6 Qxe6 22. Nd2 Rfa8 23. Nxe4 dxe4 24. a4 b5 25. Rb1 bxa4 26. Rb7 Rf8 27. Qh5
h6 28. Rg3 Rf7 29. Rg6 Qxg6 30. Qxg6 Rxb7 31. Qe6+ Rf7 32. Qd6 Raa7 33. e6 Rfe7
34. Qd8+ Kh7 35. Qf8 Kg6 36. g4 fxg4 37. f5+ Kg5 38. f6 gxf6 39. Qg8+ Rg7 40.
Qd8 a3 41. Qd5+ f5 42. Qd8+ Rge7 43. Qd2+ Kg6 0-1

[Event "Reykjavik Open 2010"]
[Site "Reykjavik City Hall"]
[Date "2010.02.28"]
[Round "6.38"]
[White "Ragnarsson, Johann"]
[Black "Unnarsson, Sverrir"]
[Result "1-0"]
[WhiteElo "2140"]
[BlackElo "1958"]
[PlyCount "69"]
[EventDate "2010.02.24"]

1. d4 Nf6 2. c4 g6 3. Nc3 Bg7 4. e4 d6 5. f3 O-O 6. Bg5 c5 7. d5 e6 8. Nge2
exd5 9. Nxd5 Be6 10. Nec3 Bxd5 11. Nxd5 h6 12. Bd2 Nc6 13. Qc1 Nxd5 14. cxd5
Nd4 15. h4 h5 16. Rb1 Bf6 17. Bg5 Bxg5 18. hxg5 Qa5+ 19. Kf2 Qxa2 20. Bc4 Qa4
21. b3 Qd7 22. Qf4 Qe7 23. Qf6 Qxf6 24. gxf6 Kh7 25. g4 Rh8 26. gxh5 Kh6 27.
Rbg1 g5 28. Rg4 Rhg8 29. Rhg1 Kxh5 30. f4 Rg6 31. f5 Rxf6 32. R4g2 Nxf5 33.
Rxg5+ Kh4 34. exf5 Re8 35. Be2 1-0

[Event "Reykjavik Open 2010"]
[Site "Reykjavik City Hall"]
[Date "2010.02.28"]
[Round "6.39"]
[White "Thorsteinsdottir, Hallgerdur"]
[Black "Andersson, Christin"]
[Result "0-1"]
[WhiteElo "1946"]
[BlackElo "2135"]
[PlyCount "54"]
[EventDate "2010.02.24"]

1. e4 e6 2. d4 d5 3. Nd2 c5 4. Ngf3 Nf6 5. Bb5+ Bd7 6. Bxd7+ Nfxd7 7. exd5 exd5
8. dxc5 Bxc5 9. O-O Nc6 10. Nb3 Ne7 11. Nxc5 Nxc5 12. Qd4 Ne6 13. Qb4 Qc7 14.
c3 O-O 15. Rd1 Rad8 16. Be3 b6 17. Qg4 Qc4 18. Nd4 Ng6 19. f4 Nxd4 20. Rxd4 Qb5
21. Rd2 Rfe8 22. Bd4 Re4 23. g3 Rde8 24. Kf2 Ne5 25. Qd1 Nc4 26. Qg4 Rxd4 27.
Rxd4 Qxb2+ 0-1

[Event "Reykjavik Open 2010"]
[Site "Reykjavik City Hall"]
[Date "2010.02.28"]
[Round "6.40"]
[White "Omarsson, Dadi"]
[Black "Gardarsson, Hordur"]
[Result "1-0"]
[WhiteElo "2131"]
[BlackElo "1888"]
[PlyCount "61"]
[EventDate "2010.02.24"]

1. e4 c6 2. Ne2 d5 3. e5 Bg4 4. f3 Bd7 5. d4 e6 6. c3 c5 7. Be3 Nc6 8. f4 cxd4
9. cxd4 Nh6 10. Nbc3 Nf5 11. Bf2 h5 12. g3 Qb6 13. Qd2 Rc8 14. Rd1 g6 15. Ng1
Bh6 16. Nf3 Na5 17. h3 Nc4 18. Bxc4 Rxc4 19. Kf1 Qc7 20. Kg2 Ne7 21. Rc1 O-O
22. g4 Rc8 23. Bh4 Be8 24. Rhg1 hxg4 25. hxg4 Qd7 26. Bf6 Kf8 27. Rh1 Ng8 28.
Rxh6 Nxh6 29. f5 Nxg4 30. Rh1 Nxf6 31. exf6 1-0

[Event "Reykjavik Open 2010"]
[Site "Reykjavik City Hall"]
[Date "2010.02.28"]
[Round "6.42"]
[White "Bick, John D"]
[Black "Johannsson, Orn Leo"]
[Result "0-1"]
[WhiteElo "2248"]
[BlackElo "1710"]
[PlyCount "86"]
[EventDate "2010.02.24"]

1. d4 d5 2. c4 c6 3. cxd5 cxd5 4. Nf3 Nf6 5. Nc3 e6 6. Bf4 Bd6 7. Bxd6 Qxd6 8.
e3 Nc6 9. Bd3 O-O 10. O-O b6 11. Rc1 Bb7 12. a3 Rac8 13. h3 h6 14. Qe2 Rfd8 15.
Rfd1 Qe7 16. b4 e5 17. dxe5 Nxe5 18. Nxe5 Qxe5 19. Nb5 a6 20. Nd4 b5 21. Bf5
Rc4 22. Bd3 Rcc8 23. a4 bxa4 24. Rxc8 Rxc8 25. Bxa6 Bxa6 26. Qxa6 Qe8 27. Ra1
Ra8 28. Qc6 a3 29. b5 Qb8 30. Qc1 a2 31. Qc2 Qa7 32. Qc6 Rb8 33. Kh2 Qa3 34.
Qa6 Ra8 35. Qc6 Rb8 36. Qc7 Re8 37. Qc2 Ra8 38. Qc7 Qb2 39. b6 Qxa1 40. b7 Re8
41. b8=Q Rxb8 42. Qxb8+ Kh7 43. Qc8 Qxd4 0-1

[Event "Reykjavik Open 2010"]
[Site "Reykjavik City Hall"]
[Date "2010.02.28"]
[Round "6.44"]
[White "Jonsson, Olafur Gisli"]
[Black "Olafsson, Thorvardur"]
[Result "0-1"]
[WhiteElo "1872"]
[BlackElo "2217"]
[PlyCount "88"]
[EventDate "2010.02.24"]

1. d4 Nf6 2. Nf3 g6 3. c4 Bg7 4. Nc3 O-O 5. Bg5 c5 6. d5 d6 7. e3 a6 8. Be2 b5
9. cxb5 axb5 10. Bxb5 Qa5 11. O-O h6 12. Bxf6 Bxf6 13. Qd3 Ba6 14. Bxa6 Nxa6
15. a3 Rfb8 16. Rab1 Nc7 17. Nd2 Bxc3 18. Nc4 Qa7 19. bxc3 Rxb1 20. Rxb1 Rb8
21. Rxb8+ Qxb8 22. h4 Qb3 23. h5 g5 24. e4 Ne8 25. e5 dxe5 26. Nxe5 Qxa3 27.
Qf5 Nd6 28. Qf3 Qc1+ 29. Kh2 c4 30. g3 Qc2 31. Nc6 Kf8 32. Kg2 Qe4 33. Na5 f5
34. Qxe4 fxe4 35. f4 gxf4 36. gxf4 Kf7 37. Kg3 Kf6 38. Kg4 e5 39. fxe5+ Kxe5
40. Kg3 Kxd5 41. Kf4 Kc5 42. Nb7+ Nxb7 43. Kxe4 Nd6+ 44. Ke5 Ne8 0-1

[Event "Reykjavik Open 2010"]
[Site "Reykjavik City Hall"]
[Date "2010.02.28"]
[Round "6.47"]
[White "Andrason, Pall"]
[Black "Botheim, Tor"]
[Result "0-1"]
[WhiteElo "1587"]
[BlackElo "1944"]
[PlyCount "90"]
[EventDate "2010.02.24"]

1. d4 Nf6 2. c4 g6 3. g3 Bg7 4. Bg2 O-O 5. Nc3 d6 6. Nf3 Nc6 7. O-O a6 8. Re1
Rb8 9. e4 Bg4 10. Be3 Nd7 11. h3 Bxf3 12. Bxf3 e5 13. d5 Nd4 14. Bg2 c5 15.
Bxd4 exd4 16. Ne2 b5 17. cxb5 Rxb5 18. Rb1 Ne5 19. b3 Qb6 20. f4 Nd7 21. Qd3
Rb8 22. g4 c4 23. Qxc4 d3+ 24. Kh2 dxe2 25. Qxe2 a5 26. Rbc1 Rc5 27. Rc4 Rxc4
28. Qxc4 Qb4 29. Rc1 Qxc4 30. Rxc4 Nc5 31. e5 Bf8 32. Kg3 Rb4 33. e6 Rxc4 34.
bxc4 fxe6 35. dxe6 Kg7 36. Bd5 Kf6 37. h4 Nxe6 38. h5 gxh5 39. Be4 h6 40. gxh5
Be7 41. Kg4 Bd8 42. Bd5 Bb6 43. Bxe6 Kxe6 44. f5+ Ke5 45. a3 a4 0-1

[Event "Reykjavik Open 2010"]
[Site "Reykjavik City Hall"]
[Date "2010.02.28"]
[Round "6.48"]
[White "Sverrisson, Nokkvi"]
[Black "Karlsson, Mikael Johann"]
[Result "0-1"]
[WhiteElo "1784"]
[BlackElo "1714"]
[PlyCount "72"]
[EventDate "2010.02.24"]

1. e4 c5 2. Nf3 Nc6 3. d4 cxd4 4. Nxd4 Qb6 5. Nb3 Nf6 6. Nc3 e6 7. Be3 Qc7 8.
Bd3 Be7 9. O-O O-O 10. f4 d6 11. Qf3 a6 12. g4 Re8 13. g5 Nd7 14. Rad1 b5 15.
Ne2 Bb7 16. Ned4 Nb4 17. a3 Nxd3 18. cxd3 Nc5 19. h4 Nxb3 20. Nxb3 d5 21. Rc1
Qd7 22. Bc5 Rac8 23. Qe3 Ba8 24. e5 d4 25. Bxd4 Qd5 26. Kf2 Qxb3 27. h5 Rc2+
28. Kg3 Rec8 29. g6 Rxc1 30. Rxc1 Rxc1 31. Qxc1 Qxd3+ 32. Be3 Qc4 33. Qd2 Qd5
34. gxh7+ Kxh7 35. Qc2+ Qe4 36. Qf2 Qh1 0-1

[Event "Reykjavik Open 2010"]
[Site "Reykjavik City Hall"]
[Date "2010.02.28"]
[Round "6.49"]
[White "Sigurdsson, Birkir Karl"]
[Black "Palsson, Svanberg Mar"]
[Result "0-1"]
[WhiteElo "1446"]
[BlackElo "1769"]
[PlyCount "56"]
[EventDate "2010.02.24"]

1. d4 Nf6 2. c4 e5 3. Bg5 Bb4+ 4. Nd2 exd4 5. a3 Bxd2+ 6. Qxd2 Nc6 7. Nf3 O-O
8. b4 Ne4 9. Bxd8 Nxd2 10. Kxd2 Rxd8 11. b5 Na5 12. Kc2 Nxc4 13. e4 Nd6 14. Bd3
c5 15. e5 Ne8 16. Ng5 g6 17. Ne4 b6 18. Bc4 Bb7 19. Nd6 Nxd6 20. exd6 Bxg2 21.
Rhe1 Re8 22. Re7 Rxe7 23. dxe7 Re8 24. Re1 Kg7 25. h3 Kf6 26. Rg1 Be4+ 27. Kb3
d5 28. Bf1 Rxe7 0-1

[Event "Reykjavik Open 2010"]
[Site "Reykjavik City Hall"]
[Date "2010.02.28"]
[Round "6.50"]
[White "Finnbogadottir, Tinna Kristin"]
[Black "Johannsdottir, Johanna Bjorg"]
[Result "0-1"]
[WhiteElo "1750"]
[BlackElo "1705"]
[PlyCount "102"]
[EventDate "2010.02.24"]

1. e4 c5 2. c3 d5 3. exd5 Qxd5 4. d4 Nf6 5. Nf3 Bg4 6. dxc5 Qxc5 7. Be3 Qc7 8.
Na3 a6 9. Qa4+ Nbd7 10. Nb5 Qc6 11. Nfd4 Qc8 12. Na3 e5 13. Nf3 Bxf3 14. gxf3
b5 15. Qb3 Nc5 16. Bxc5 Bxc5 17. h4 O-O 18. Bh3 Qc6 19. Bg2 Nh5 20. O-O-O Nf4
21. Bh3 Qxf3 22. Bd7 Nd3+ 23. Kb1 Nxf2 24. Rhf1 Qe4+ 25. Nc2 Nxd1 26. Rxd1 Rad8
27. a4 bxa4 28. Qa2 Qf3 29. Qd5 Qxd5 30. Rxd5 a3 31. Rxc5 Rxd7 32. Rxe5 Rd1+
33. Ka2 axb2 34. Kxb2 Rd2 35. Kc1 Rd3 36. Rc5 f5 37. Nd4 f4 38. Ne6 Rf6 39.
Rc8+ Kf7 40. Ng5+ Kg6 41. Rc5 h5 42. Ne4 Re6 43. Kc2 Re3 44. Ng5 Rd6 45. Ra5 f3
46. Ra1 f2 47. Rf1 Re2+ 48. Kb3 Rd3 49. Kc4 Rg3 50. Kd4 Rg1 51. Kd3 Ra2 0-1

[Event "Reykjavik Open 2010"]
[Site "Reykjavik City Hall"]
[Date "2010.02.28"]
[Round "6.51"]
[White "Antonsson, Atli"]
[Black "Sigurdarson, Emil"]
[Result "0-1"]
[WhiteElo "1716"]
[BlackElo "1609"]
[PlyCount "158"]
[EventDate "2010.02.24"]

1. d4 d5 2. c4 e6 3. Nf3 c5 4. cxd5 exd5 5. Nc3 Nc6 6. Bf4 Nf6 7. e3 cxd4 8.
Nxd4 Bb4 9. Ndb5 O-O 10. a3 Bxc3+ 11. Nxc3 Bf5 12. Qb3 Qd7 13. Be2 d4 14. Rd1
d3 15. Bf3 Rfd8 16. Rd2 Rac8 17. O-O Na5 18. Qb4 Nc4 19. Rdd1 a5 20. Qxb7 Qxb7
21. Bxb7 Nxb2 22. Bxc8 Nxd1 23. Bxf5 Nxc3 24. Be5 d2 25. Bc2 d1=Q 26. Bxd1 Nxd1
27. Bc7 Rd3 28. Bxa5 Kf8 29. Bb4+ Ke8 30. g3 Nc3 31. Kg2 Nfd5 32. Bc5 Ne4 33.
Bd4 g6 34. Rb1 Rxa3 35. Rb8+ Kd7 36. Kf3 Nd6 37. Rh8 h5 38. h4 Ke6 39. g4 hxg4+
40. Kxg4 Nf5 41. Bc5 Ra4+ 42. Kh3 Ra5 43. Bf8 Nf6 44. Bb4 Ra4 45. Bc3 Nh5 46.
f4 Ra3 47. Bd2 Nxf4+ 48. Kg4 Nh5 49. Re8+ Kd7 50. Re5 Ra4+ 51. e4 Ra3 52. Bf4
Nxf4 53. exf5 Ra4 54. Kg5 Nh5 55. f6 Kd6 56. Re7 Rg4+ 57. Kh6 Nxf6 58. Rxf7 Ke6
59. Ra7 Ng8+ 60. Kg7 Ne7 61. Ra6+ Ke5 62. Kf7 Rxh4 63. Kxe7 g5 64. Ra5+ Kf4 65.
Ra4+ Kg3 66. Ra3+ Kg4 67. Kf6 Kh5 68. Ra8 Rf4+ 69. Ke5 Kh4 70. Rh8+ Kg3 71. Rg8
g4 72. Rg7 Rb4 73. Rg8 Kg2 74. Ra8 g3 75. Ra2+ Kh1 76. Ra8 g2 77. Rh8+ Kg1 78.
Rh7 Rb2 79. Rc7 Kf1 0-1

[Event "Reykjavik Open 2010"]
[Site "Reykjavik City Hall"]
[Date "2010.02.28"]
[Round "6.52"]
[White "Helgadottir, Sigridur Bjorg"]
[Black "Lee, Gudmundur Kristinn"]
[Result "1/2-1/2"]
[WhiteElo "1725"]
[BlackElo "1534"]
[PlyCount "136"]
[EventDate "2010.02.24"]

1. c4 Nf6 2. Nc3 c6 3. d4 d5 4. e3 Bf5 5. Nf3 Na6 6. a3 Nc7 7. Be2 g6 8. O-O
Bg7 9. b4 O-O 10. Bb2 Bg4 11. Bd3 Ne6 12. h3 Bxf3 13. Qxf3 dxc4 14. Bxc4 Ng5
15. Qe2 Qd7 16. Rfe1 Rad8 17. Rad1 Qc7 18. e4 Nh5 19. Qg4 Qf4 20. Bc1 Qxg4 21.
hxg4 Rxd4 22. Rxd4 Bxd4 23. Na2 Nf6 24. Bxg5 Nxg4 25. Bh4 e6 26. Rd1 e5 27. Nc1
g5 28. Bg3 h5 29. Rd2 h4 30. Bh2 Kg7 31. Nb3 Re8 32. Nxd4 exd4 33. Be2 Nxh2 34.
Kxh2 Kf6 35. Bd3 Ke5 36. Rc2 f6 37. Kh3 Kf4 38. Rc5 g4+ 39. Kxh4 Rh8+ 40. Rh5
Rxh5+ 41. Kxh5 g3 42. fxg3+ Ke3 43. Bb1 d3 44. Kg6 Kxe4 45. Kxf6 b6 46. g4 c5
47. g5 c4 48. g6 c3 49. g7 c2 50. Bxc2 dxc2 51. g8=Q c1=Q 52. Qe6+ Kd3 53. Qd7+
Ke2 54. Qg4+ Kf1 55. Qf3+ Kg1 56. g4 Qh6+ 57. Ke5 Qg7+ 58. Kf4 Qh6+ 59. g5 Qd6+
60. Kg4 Qe6+ 61. Kh4 Qg8 62. Qg4+ Kf2 63. g6 Qh8+ 64. Kg5 Qd8+ 65. Kf4 Qd6+ 66.
Kf5 Qf8+ 67. Ke5 Qb8+ 68. Kf6 Qf8+ 1/2-1/2

[Event "Reykjavik Open 2010"]
[Site "Reykjavik City Hall"]
[Date "2010.03.01"]
[Round "7.2"]
[White "Stefansson, Hannes"]
[Black "Miezis, Normunds"]
[Result "1-0"]
[WhiteElo "2574"]
[BlackElo "2533"]
[PlyCount "87"]
[EventDate "2010.02.24"]

1. d4 Nf6 2. c4 e6 3. Nc3 Bb4 4. Qc2 c5 5. dxc5 Bxc5 6. Nf3 Nc6 7. Bg5 h6 8.
Bh4 Qa5 9. e3 Bb4 10. Nd2 a6 11. Be2 Ne7 12. O-O Nf5 13. Bxf6 gxf6 14. Nde4 Be7
15. Rfd1 Qc7 16. c5 Kf8 17. Qb3 Rg8 18. Na4 Rb8 19. Rac1 Qc6 20. Ng3 Nh4 21.
Bf1 f5 22. Nb6 Ng6 23. Qc3 f6 24. b4 Kf7 25. Qb3 Kg7 26. a4 Kh8 27. a5 Ne5 28.
Rc2 Qc7 29. Be2 Nc6 30. Rcd2 f4 31. Nh5 fxe3 32. Qxe3 Rg6 33. Nf4 Rg7 34. Nxd7
Bxd7 35. Rxd7 Qe5 36. Nxe6 Qxe3 37. fxe3 Rgg8 38. Bf3 Ne5 39. Bxb7 Nxd7 40.
Rxd7 Rge8 41. Nd4 f5 42. Nc6 Bh4 43. Nxb8 f4 44. e4 1-0

[Event "Reykjavik Open 2010"]
[Site "Reykjavik City Hall"]
[Date "2010.03.01"]
[Round "7.3"]
[White "Baklan, Vladimir"]
[Black "Danielsen, Henrik"]
[Result "1/2-1/2"]
[WhiteElo "2654"]
[BlackElo "2495"]
[PlyCount "38"]
[EventDate "2010.02.24"]

1. e4 d6 2. d4 Nf6 3. Nc3 g6 4. f4 Bg7 5. Nf3 O-O 6. Be3 Nbd7 7. Qd2 c5 8. dxc5
Nxc5 9. e5 Nfe4 10. Nxe4 Nxe4 11. Qb4 d5 12. Bd3 Qc7 13. O-O b6 14. c4 Nc5 15.
Be2 Bb7 16. Rac1 Rfc8 17. Qe1 Qd7 18. Rd1 e6 19. Qh4 Qa4 1/2-1/2

[Event "Reykjavik Open 2010"]
[Site "Reykjavik City Hall"]
[Date "2010.03.01"]
[Round "7.5"]
[White "Nataf, Igor-Alexandre"]
[Black "Grandelius, Nils"]
[Result "1-0"]
[WhiteElo "2534"]
[BlackElo "2515"]
[PlyCount "121"]
[EventDate "2010.02.24"]

1. e4 e5 2. Nf3 Nc6 3. Bb5 Nf6 4. O-O Nxe4 5. Qe2 Nd6 6. Bxc6 dxc6 7. Qxe5+ Qe7
8. Qa5 Qd8 9. Qe5+ Qe7 10. Qa5 Qd8 11. Qc3 Be6 12. Re1 Nb5 13. Qe5 Qd5 14. a4
Nd6 15. Nd4 Qxe5 16. Rxe5 Kd7 17. Nxe6 fxe6 18. d3 g6 19. Nd2 Bg7 20. Re2 c5
21. Ne4 b6 22. Rb1 Rae8 23. b3 Kc6 24. Bb2 Bxb2 25. Rxb2 Nf5 26. Re1 Re7 27.
Kf1 Rd8 28. Ke2 Nd6 29. Kd2 Rf8 30. f3 Nf5 31. Rbb1 Nd4 32. Nf2 Kd6 33. Re4 Rf5
34. Ng4 Nc6 35. Rbe1 Rf8 36. Ne5 Nxe5 37. Rxe5 Rf5 38. R5e4 Rh5 39. h3 Rf5 40.
R1e3 Re8 41. Kc3 Re7 42. Kc4 a6 43. Kc3 Re8 44. Kd2 Re7 45. Re1 Re8 46. Ke3 Ke7
47. Rh4 Re5+ 48. Kf2 Rh5 49. Rxh5 gxh5 50. Re5 Kf6 51. Rxh5 Kg6 52. g4 Rd8 53.
Ke3 Rd4 54. h4 Rd7 55. Rg5+ Kf7 56. h5 Kf6 57. Rg8 Ke5 58. h6 Kf6 59. f4 e5 60.
fxe5+ Kxe5 61. Rg7 1-0